| 000 | 00000nas##2200000za#4500 |
| 001 | 9.508630 |
| 003 | CaOODSP |
| 005 | 20210615082451 |
| 007 | co ||||||||||| |
| 008 | 150406c1999||||xxc|| p q||||f| |0eng|d |
| 022 | |a1491-7947 |
| 040 | |aCaOODSP|beng |
| 041 | |aeng |
| 041 | |afre |
| 043 | |an-cn--- |
| 086 | 1 |aPo2-8-MRC |
| 110 | 2 |aCanada Post Corporation. |
| 245 | 10|aCanada postal guide |h[electronic resource] |
| 260 | |aOttawa - Ontario : |bCanada Post Corporation |
| 310 | |aAnnual |
| 500 | |a3 times a year until 2009. |
| 520 | 3 |aContains detailed information on products and services offered by Canada Post, including to the U.S.A. and International destinations. |
| 538 | |a386 or higher; Windows 3.1 or higher; 8MB of RAM minimum; 12 MB free hard disk space. Mac with 68020 or higher, or PowerMac with System 7.0 or higher; 3.5 MB of RAM minimum pour Adobe Acrobat; 10 MB of free hard disk space. CD-ROM drive. |
| 546 | |aBilingual |
| 690 | 07|aPostal services|2gcpds |
| 776 | 0#|tGuide des postes du Canada |w(CaOODSP)9.512734 |
| 776 | 0#|tCanada postal guide |w(CaOODSP)9.514311 |
| 792 | |tGuide des postes du Canada |efre|w(CaOODSP)9.508631 |